| 000 | 00702nam a22001337a 4500 | ||
|---|---|---|---|
| 040 | _cRUA | ||
| 082 | _aAVM YAN 2013 B106 Or.1 | ||
| 100 | _aYANG, SOPHAT. | ||
| 245 | _aeffectiveness of enrofloxacin and amoxycol at dangkor district, phnom penh city (ប្រសិទ្ធភាពរបស់ enrofloxacin និង amocycol ទៅលើជំងឺរាកកូនជ្រូកនៅកសិដ្ឋាន ញឹក ដាវី នៅខណ្គដង្កោ រាជធានីភ្នំពេញ) | ||
| 260 |
_aPhnom Penh _bRUA _c2013 |
||
| 300 |
_aix, 38p. _bill. _c29cm. |
||
| 856 | _uhttps://drive.google.com/file/d/12z32MB2YffY82_BWum9-M0CggpGdSQja/view?usp=sharing | ||
| 942 | _cAVM | ||
| 999 |
_c2637 _d2637 |
||